| Tag |
First Indicator |
Second Indicator |
Subfields |
| LEADER |
00000cam a2200000 i 4500 |
| 001 |
in00000064980 |
| 005 |
20180526063404.0 |
| 008 |
790222s1953 mdua 00110 eng d |
| 010 |
|
|
|a 53010464
|
| 035 |
|
|
|a (OCoLC)04681771
|
| 035 |
|
|
|9 AAG6398AM
|
| 040 |
|
|
|a GZM
|c GZM
|d TXA
|d UtOrBLW
|
| 049 |
|
|
|a TXAM
|c [236224]
|
| 050 |
|
0 |
|a HV8078
|b .I6 1953
|
| 092 |
|
|
|a 351.74
|b I353
|
| 100 |
1 |
|
|a Inbau, Fred E.,
|d 1909-1998.
|
| 245 |
1 |
0 |
|a Lie detection and criminal interrogation /
|c by Fred E. Inbau and John E. Reid.
|
| 250 |
|
|
|a 3d. ed., rev, and enl.
|
| 264 |
|
1 |
|a Baltimore :
|b The Williams & Wilkins Company,
|c 1953.
|
| 300 |
|
|
|a xi, 242 pages :
|b illustrations ;
|c 24 cm.
|
| 336 |
|
|
|a text
|b txt
|2 rdacontent
|
| 337 |
|
|
|a unmediated
|b n
|2 rdamedia
|
| 338 |
|
|
|a volume
|b nc
|2 rdacarrier
|
| 650 |
|
0 |
|a Criminal investigation.
|
| 650 |
|
0 |
|a Lie detectors and detection.
|
| 700 |
1 |
|
|a Reid, John E.
|
| 999 |
|
|
|a MARS
|
| 999 |
f |
f |
|s a02f77d2-05eb-3297-8b23-e0c099887620
|i b03b606d-9372-340b-b188-920f3260d83c
|t 0
|
| 952 |
f |
f |
|p normal
|a Texas A&M University
|b College Station
|c Sterling C. Evans Library
|d Evans: Library Stacks
|t 0
|e HV8078 .I6 1953
|h Library of Congress classification
|i unmediated -- volume
|m A14800794915
|
| 998 |
f |
f |
|a HV8078 .I6 1953
|t 0
|l Evans: Library Stacks
|